Politics of north east India with special reference to Assam (Record no. 4680)
[ view plain ]
| 000 -LEADER | |
|---|---|
| fixed length control field | 00684cam a2200241ua 4500 |
| 001 - CONTROL NUMBER | |
| control field | 5505 |
| 005 - DATE AND TIME OF LATEST TRANSACTION | |
| control field | 20260515113911.0 |
| 008 - FIXED-LENGTH DATA ELEMENTS--GENERAL INFORMATION | |
| fixed length control field | 131023n ii |||gr||||Z||||||eng |
| 020 ## - INTERNATIONAL STANDARD BOOK NUMBER | |
| International Standard Book Number | 978-81-923218-6-8 |
| 040 ## - CATALOGING SOURCE | |
| Transcribing agency | MAIN |
| 082 ## - DEWEY DECIMAL CLASSIFICATION NUMBER | |
| Classification number | 320.95416 |
| 245 ## - TITLE STATEMENT | |
| Title | Politics of north east India with special reference to Assam |
| Statement of responsibility, etc. | by Deepan Das |
| 250 ## - EDITION STATEMENT | |
| Edition statement | 1st ed. |
| 260 ## - PUBLICATION, DISTRIBUTION, ETC. | |
| Place of publication, distribution, etc. | Dibrugarh: |
| Name of publisher, distributor, etc. | National library, |
| Date of publication, distribution, etc. | 2013. |
| 300 ## - PHYSICAL DESCRIPTION | |
| Extent | x,273. |
| 653 ## - INDEX TERM--UNCONTROLLED | |
| Uncontrolled term | Political science |
| 653 ## - INDEX TERM--UNCONTROLLED | |
| Uncontrolled term | Politics of Northeast India |
| 700 ## - ADDED ENTRY--PERSONAL NAME | |
| Personal name | Das.Deepan, |
| Relator term | Author., |
| 700 ## - ADDED ENTRY--PERSONAL NAME | |
| Personal name | Bora,Ganesh Ch., |
| Relator term | Author., |
| 700 ## - ADDED ENTRY--PERSONAL NAME | |
| Personal name | Das,Dheeraj Kr., |
| Relator term | Author. |
| 700 ## - ADDED ENTRY--PERSONAL NAME | |
| Personal name | Konwar,Narayan, |
| Relator term | Author. |
| 942 ## - ADDED ENTRY ELEMENTS (KOHA) | |
| Koha item type | Books |
| Withdrawn status | Lost status | Damaged status | Not for loan | Home library | Current library | Shelving location | Date acquired | Total checkouts | Full call number | Barcode | Date last seen | Copy number | Price effective from | Koha item type | Date last checked out |
|---|---|---|---|---|---|---|---|---|---|---|---|---|---|---|---|
| Naharkatiya College Library | Naharkatiya College Library | General stacks | 09/19/2020 | 320.95416 | POL | 20972 | 09/19/2020 | 2 | 09/19/2020 | Books | ||||||
| Naharkatiya College Library | Naharkatiya College Library | General stacks | 09/19/2020 | 1 | 320.95416 | POL | 20973 | 10/30/2021 | 3 | 09/19/2020 | Books | 10/21/2021 | ||||
| Naharkatiya College Library | Naharkatiya College Library | General stacks | 09/19/2020 | 9 | 320.95416 | POL | 20974 | 02/26/2022 | 1 | 09/19/2020 | Books | 02/10/2022 |